ISBD(CM) Medzinárodný štandardný bibliografický popis pre kartografické materiály
Gespeichert in:
| Weitere Verfasser: | |
|---|---|
| Format: | Buch |
| Sprache: | Slowakisch |
| Veröffentlicht: |
Martin
Matica slovenská
1995
|
| Ausgabe: | 1. vyd. |
| Schlagworte: | |
| Tags: |
Keine Tags, Fügen Sie das erste Tag hinzu!
|
MARC
| LEADER | 00000nam a2200000 4500 | ||
|---|---|---|---|
| 001 | c009792 | ||
| 005 | 20230117084140.3 | ||
| 020 | |a 80-7090-314-7 | ||
| 041 | 0 | |a slo | |
| 044 | |a SK | ||
| 245 | 1 | 0 | |a ISBD(CM) |b Medzinárodný štandardný bibliografický popis pre kartografické materiály |c [Z angl. prel.] Eleonóra Janšová |
| 250 | |a 1. vyd. | ||
| 264 | 1 | |a Martin |b Matica slovenská |c 1995 | |
| 300 | |a 100 s. | ||
| 610 | 2 | 0 | |a knihovníctvo |
| 610 | 2 | 0 | |a normy |
| 610 | 2 | 0 | |a bibliografia |
| 700 | 1 | |a Janšová, Eleonóra | |